000 01533nam0a22003731 4500
001 RU\NLR\bibl\433868
005 20250623172546.0
010 _a5-8465-0104-4
_91000
021 _aRU
_b2003-32798
_91556
035 _a(NLR Aleph) 000427692
090 _a734910
_c734910
100 _a20030905d2002 |||y0rusy50 ca
101 0 _arus
102 _aRU
105 _aa |||||||||
200 1 _aИсториография императорского Китая XVII-XVIII вв.
_e[Отеч. исслед.]
_fБ.Г. Доронин
210 _aСПб.
_cФилолог. фак. С.-Петербург. гос. ун-та
_d2002
215 _a287, [1] с.
_cил.
_d22
225 1 _aСерия "Азиатика"
300 _aНа 4-й с. обл. авт.: Доронин Борис Григорьевич - д.ист.н., проф., заслуж. работник высш. шк.
320 _aБиблиогр. в подстроч. примеч.
320 _aУказ.: с. 278-287
607 _aКитай
_xИстория
_xИсториография китайская
_z17 - 18 вв.
_92301252
_3RU\NLR\auth\661377751
686 _aТ3(5Кит)44г
686 _aТ3(5Кит)521г
700 1 _4070
_7ca
_8rus
_aДоронин
_bБ. Г.
_gБорис Григорьевич
_9183958
_3RU\NLR\AUTH\770184009
801 0 _aRU
_bNLR
_c20030905
_gPSBO
801 1 _aRU
_bNLR
_c20030905
852 _aNLR
_bОЛСАА-сл-спр
_j3-3892
942 _cBOOK
980 _aNB
980 1 _aSL_SPR